000 00736nam a2200253Ia 4500
003 OSt
005 20220926034838.0
006 a|||||r|||| 00| 0
007 ta
008 220923b |||||||| |||| 00| 0 eng d
020 _a0815710801
037 _cGeneral Book
040 _aRTL
_cRTL
_beng
041 _2eng
_aeng
082 _aX744.73.N7, L2
100 _aBrittain John A
_9339854
245 0 _aPayroll tax for social security
260 _aWhashington
_bBrookings Institution
_c1972
300 _axiv,285p. Appendix p 263-80
_ccm.
490 _aStudies Of Government Finance
650 _aIndirectTax
_9245416
942 _hX744.73.N7, L2
_cGB
_2CC
999 _c660538
_d660538